00614nam a2200181Ia 4500952012400000999001700124003000400141005001700145008004100162040000900203082001800212100002900230245005200259260004800311300000900359650002200368942004200390 00102ddc40708HISTORYaMESbMEScHISd2019-02-20l0o909.82 PEA/Dp1005r2019-02-20 00:00:00w2019-02-20yBKzGL43R1 c34740d34740OSt20200131153819.0190216s9999||||xx |||||||||||||| ||und|| coclc a909.82bPEA/D a Pearson, Lester B91715 0aDemocracy In World Politics /cLester B Pearson bOxford University Press,c1960.aNew Delhi: a118p aPolitical Science cBK2ddch909.82iPEA/Dk909.82mPEA/D